Formularios de Practica Forense: Juzgados Laborales

Detalles Bibliográficos
Autor principal: Chv̀ez Chv̀ez, Eric Andrš
Formato: eBook
Lenguaje:español
Publicado: Santiago de Chile: Editorial Juridica Aremi, 2018
Materias:
Acceso en línea:Acceso restringido

MARC

LEADER 00000nam a22000007a 4500
005 20190213233220.0
007 cr|||| ||||
008 190213s2018 cl |||||s|||| 00||0 spa d
020 |a 978–956–8217–24-2 
035 |a 22679 
040 |a vLex 
090 |c 8432  |d 8432 
100 1 |a Chv̀ez Chv̀ez, Eric Andrš 
245 1 0 |a Formularios de Practica Forense: Juzgados Laborales  |h [Recurso electrn̤ico] /  |c Eric Andrš Chv̀ez Chv̀ez 
256 |a Servicio en ln̕ea 
260 |a Santiago de Chile:  |b Editorial Juridica Aremi,  |c 2018 
300 |a 1 recurso electrn̤ico 
506 1 |a Disponible solo en los productos indicados  |d vLex Global  |d vLex Global (Academic Edition, excluding Law Schools)  |d vLex Global (U.S. Academic Edition, Law Schools)  |d vLex Global (U.S. Academic Edition, excluding Law Schools)  |d vLex Global (Academic Edition, Law Schools) 
650 0 4 |a Procedimiento Laboral  |z Chile 
740 0 |a vLex Libros (Servicio en ln̕ea) 
856 4 0 |u http://vlex.com/source/22679  |z Acceso restringido 
942 |c BOOK 
999 0 |a Labor Procedure